000 00566nam a2200205Ia 4500
005 20260429112046.0
008 260429s9999||||xx |||||||||||||| ||und||
020 _a9781835352113
041 _aEnglish
082 _a621.381
_bISA
100 _aIsabel, Maria
245 0 _aIntroduction to linear integrated circuits /
_cMaria Isabel
250 _a1st ed.
260 _aLondon :
_bETP ED- Tech Press,
_c2025.
300 _axi, 300p.; hb
650 _a Electronic engineering
650 _a Linear electronics
650 _aIntegrated circuits
942 _cTB
999 _c52136
_d52136